00722cam a22002057a 4500020003900000020003600039020002600075040000800101082002600109245012400135260005400259300003400313650002100347650001200368650002700380650003200407650002100439650003000460700002600490 a9781402090042 (cased : alk. paper) a1402090048 (cased : alk. paper) a9781402090059 (eISBN) cUKM04a591 SPI 2009 C152 Or.00aAdaptation and fitness in animal populations :bevolutionary and breeding perspectives on genetic resource management / a[Dordrecht, the Netherlands] :bSpringer,cc2009. axii, 258 p. :bill. ;c25 cm. 0aAnimal genetics. 0aAnimals 0aEvolutionary genetics. 0aAnimal genetic engineering. 0aAnimal breeding. 0aAnimal mutation breeding.1 aWerf, Julius van der.